| 000 | 00577nam a2200193Ia 4500 | ||
|---|---|---|---|
| 003 | GCL | ||
| 008 | 140319s9999 xx 000 0 eng d | ||
| 020 | _a052128968\8 | ||
| 040 |
_aGCL / _cGCL |
||
| 082 | 0 | 4 |
_aCC _b962.03 _bA E |
| 100 | 1 | _aAFAF LUTFI AL-SAYYID MARSOT | |
| 245 | 1 | 0 |
_aEGYPT IN THE REIGN OF MUHAMMED ALI / _cAFAF LUTFI AL-SAYYID MARSOT |
| 260 |
_aنيويورك : _bCOMBRIDGE UNIVERSITY PRESS ، _c1988 |
||
| 300 |
_a22 CM ؛ _c300 P |
||
| 650 | 0 | 4 | _aEGYPT |
| 650 | 0 | 4 | _aMUHAMMAD ALI |
| 650 | 0 | 4 | _aEGYPT - HISTORY - MOHAMMED ALI, 1805-1849 |
| 942 |
_2ddc _cBK |
||
| 999 |
_c11218 _d11218 |
||